| 000 | 00508nam a2200157 i 4500 | ||
|---|---|---|---|
| 001 | 42615 | ||
| 003 | ES-MaACL | ||
| 005 | 20230906160639.0 | ||
| 007 | t| | ||
| 008 | 030313s1948 sp ||||1| spa d | ||
| 100 | 1 |
_aCastells Cañameras, José. _936597 |
|
| 245 | 1 | 0 |
_aCreadores del progreso textil _b: (síntesis biográficas) / _cJosé Castells Cañameras. |
| 260 |
_aTarrasa : _b[s.n.], _c1948 ( _fJ. Riera Llugany Imp.) |
||
| 300 |
_a78 p. : _b15 lám. ; _c17 cm. |
||
| 852 |
_aES-MaACL _j1892-F-2 _bR.26263 |
||
| 999 |
_c42615 _d42615 |
||